[Event "SLO-chT3 West"]
[Site "Komenda"]
[Date "2022.12.11"]
[Round "5.1"]
[White "Drobnic, Milan"]
[Black "Ravnik, Franc"]
[Result "1/2-1/2"]
[WhiteElo "1984"]
[BlackElo "1758"]
[PlyCount "62"]
[EventDate "2022.12.09"]
[EventType "team-swiss"]
[EventRounds "5"]
[EventCountry "SLO"]
[SourceTitle "EXT 2024"]
[Source "ChessBase"]
[SourceDate "2023.10.10"]
[SourceVersion "1"]
[SourceVersionDate "2023.10.10"]
[SourceQuality "1"]
[WhiteTeam "Loska Dolina"]
[BlackTeam "Jesenice Acroni II"]
[WhiteTeamCountry "SLO"]
[BlackTeamCountry "SLO"]

1. c4 g6 2. Nc3 Bg7 3. g3 Nf6 4. Bg2 c6 5. Nf3 0-0 6. 0-0 d5 7. d4 b6 8. b3 Bb7 9. Bg5 h6 10. Bf4 Nbd7 11. Ne5 Nxe5 12. dxe5 Nd7 13. cxd5 Nxe5 14. Rc1 cxd5 15. Nxd5 Bxd5 16. Qxd5 Qxd5 17. Bxd5 Rad8 18. Rfd1 e6 19. Be4 g5 20. Bxe5 Bxe5 21. Rxd8 Rxd8 22. Bd3 Bb2 23. Rc2 Be5 24. Rc1 Bb2 25. Rc2 Be5 26. Rc1 Bb2 27. Rc2 Be5 28. Rc1 Bb2 29. Rc2 Be5 30. Rc1 Bb2 31. Rc2 Be5 1/2-1/2

[Event "SLO-chT2 West"]
[Site "Komenda"]
[Date "2016.11.27"]
[Round "9.2"]
[White "Drobnic, Milan"]
[Black "Pridigar, Lovro"]
[Result "1/2-1/2"]
[WhiteElo "1892"]
[BlackElo "2044"]
[PlyCount "82"]
[EventDate "2016.11.11"]
[EventType "team-tourn"]
[EventRounds "9"]
[EventCountry "SLO"]
[SourceTitle "EXT 2019"]
[Source "ChessBase"]
[SourceDate "2018.10.10"]
[SourceVersion "1"]
[SourceVersionDate "2018.10.10"]
[SourceQuality "1"]
[WhiteTeam "Loska Dolina"]
[BlackTeam "Postojna"]
[WhiteTeamCountry "SLO"]
[BlackTeamCountry "SLO"]

1. c4 f5 2. g3 Nf6 3. Bg2 e6 4. Nc3 Be7 5. e3 d6 6. Nge2 0-0 7. 0-0 Qe8 8. d3 Nc6 9. Rb1 e5 10. b4 Qh5 11. b5 Nd8 12. Nd5 Nxd5 13. Bxd5+ Kh8 14. Nc3 Qg6 15. Bg2 Ne6 16. f4 exf4 17. exf4 Bf6 18. Nd5 Bd4+ 19. Be3 Bxe3+ 20. Nxe3 Nc5 21. Nd5 Qf7 22. Re1 Be6 23. Re3 Rac8 24. Qe2 c6 25. Nc3 Rfe8 26. Re1 Bd7 27. bxc6 bxc6 28. d4 Rxe3 29. Qxe3 Re8 30. Qd2 Rxe1+ 31. Qxe1 Nd3 32. Qb1 Qxc4 33. Qb8+ Qg8 34. Qxd6 Qe8 35. h3 Qe1+ 36. Kh2 Qe8 37. Kg1 Qe1+ 38. Kh2 Qe8 39. Kg1 Qe1+ 40. Kh2 Qe8 41. Kg1 Qe1+ 1/2-1/2

[Event "SLO-chT2 West"]
[Site "Komenda"]
[Date "2016.11.13"]
[Round "4.2"]
[White "Drobnic, Milan"]
[Black "Mlacnik, Franc"]
[Result "1/2-1/2"]
[WhiteElo "1892"]
[BlackElo "2019"]
[PlyCount "117"]
[EventDate "2016.11.11"]
[EventType "team-tourn"]
[EventRounds "9"]
[EventCountry "SLO"]
[SourceTitle "EXT 2019"]
[Source "ChessBase"]
[SourceDate "2018.10.10"]
[SourceVersion "1"]
[SourceVersionDate "2018.10.10"]
[SourceQuality "1"]
[WhiteTeam "Loska Dolina"]
[BlackTeam "Ljubljana Karel Jeraj"]
[WhiteTeamCountry "SLO"]
[BlackTeamCountry "SLO"]

1. c4 f5 2. g3 Nf6 3. Bg2 e5 4. Nc3 Bc5 5. e3 Nc6 6. Nge2 e4 7. d4 Bb4 8. a3 Bxc3+ 9. Nxc3 0-0 10. 0-0 b6 11. b4 Bb7 12. Bb2 d5 13. Qb3 Kh8 14. Rfc1 Ne7 15. a4 g5 16. a5 a6 17. cxd5 Nexd5 18. b5 axb5 19. Qxb5 c6 20. Qb3 b5 21. Ba3 Rg8 22. Bb4 Qe8 23. Nxd5 Nxd5 24. Bd2 Rg6 25. Rc5 Rh6 26. h3 Qe6 27. Rb1 Rg8 28. Qc2 Re8 29. Ra1 f4 30. exf4 gxf4 31. Bxf4 Nxf4 32. gxf4 Qd6 33. Qd2 Rg6 34. Re1 Reg8 35. Rg5 h6 36. Rg3 c5 37. Kh2 Qxd4 38. Qxd4+ cxd4 39. Bxe4 Rxg3 40. fxg3 Re8 41. a6 Ba8 42. Bxa8 Rxe1 43. Bc6 Ra1 44. Bxb5 Ra3 45. Kg2 Kg7 46. g4 Kf6 47. h4 Ke6 48. h5 Kf6 49. Kf2 Ke6 50. g5 hxg5 51. fxg5 Kf5 52. h6 Kg6 53. Ke2 Re3+ 54. Kd2 Re7 55. Bd3+ Kxg5 56. h7 Re8 57. a7 Kh6 58. Be4 Kg7 59. a8Q 1/2-1/2

[Event "SLO-ch U18"]
[Site "Bled"]
[Date "2015.02.27"]
[Round "7"]
[White "Murko, David"]
[Black "Drobnic, Milan"]
[Result "1-0"]
[WhiteElo "2063"]
[BlackElo "1915"]
[PlyCount "41"]
[EventDate "2015.02.21"]
[EventType "tourn"]
[EventRounds "7"]
[EventCountry "SLO"]
[SourceTitle "EXT 2023"]
[Source "ChessBase"]
[SourceDate "2022.10.05"]
[SourceVersion "1"]
[SourceVersionDate "2022.10.05"]
[SourceQuality "1"]

1. e4 d6 2. d4 Nf6 3. Nc3 Nbd7 4. Nf3 e5 5. g4 Nxg4 6. Rg1 Ngf6 7. Be3 h6 8. h4 c6 9. a3 a6 10. Qe2 Qc7 11. Nd2 b5 12. f4 Bb7 13. Nf3 0-0-0 14. 0-0-0 Re8 15. dxe5 dxe5 16. fxe5 Nxe5 17. Nxe5 Qxe5 18. Qd2 Nxe4 19. Nxe4 Qxe4 20. Bf4 Qe6 21. Qa5 1-0

[Event "SLO-ch U18"]
[Site "Bled"]
[Date "2015.02.22"]
[Round "2"]
[White "Zirkelbach, Maj"]
[Black "Drobnic, Milan"]
[Result "1-0"]
[WhiteElo "2032"]
[BlackElo "1915"]
[PlyCount "43"]
[EventDate "2015.02.21"]
[EventType "tourn"]
[EventRounds "7"]
[EventCountry "SLO"]
[SourceTitle "EXT 2023"]
[Source "ChessBase"]
[SourceDate "2022.10.05"]
[SourceVersion "1"]
[SourceVersionDate "2022.10.05"]
[SourceQuality "1"]

1. e4 d6 2. d4 Nf6 3. f3 e5 4. d5 c6 5. c4 Be7 6. Be3 a5 7. Nc3 Na6 8. Qd2 cxd5 9. cxd5 0-0 10. Nge2 Bd7 11. Ng3 Qc7 12. Be2 Rfb8 13. Rc1 Qd8 14. Nb5 Rc8 15. 0-0 h5 16. Na3 b6 17. Bg5 Rxc1 18. Rxc1 h4 19. Bxh4 Nxe4 20. Bxe7 Nxd2 21. Bxd8 Rxd8 22. Bxa6 1-0

[Event "SLO-ch U18"]
[Site "Bled"]
[Date "2015.02.21"]
[Round "1"]
[White "Drobnic, Milan"]
[Black "Zagorsek, David"]
[Result "0-1"]
[WhiteElo "1915"]
[BlackElo "1957"]
[PlyCount "62"]
[EventDate "2015.02.21"]
[EventType "tourn"]
[EventRounds "7"]
[EventCountry "SLO"]
[SourceTitle "EXT 2023"]
[Source "ChessBase"]
[SourceDate "2022.10.05"]
[SourceVersion "1"]
[SourceVersionDate "2022.10.05"]
[SourceQuality "1"]

1. c4 Nf6 2. g3 g6 3. Bg2 d5 4. Nf3 Bg7 5. 0-0 0-0 6. cxd5 Nxd5 7. Nc3 Nb6 8. d3 Nc6 9. a3 e5 10. Bg5 f6 11. Be3 Nd4 12. b4 Bg4 13. Rc1 c6 14. Nd2 f5 15. h3 Bh5 16. Nb3 g5 17. Nc5 Qe7 18. Qd2 f4 19. Bxd4 exd4 20. N3e4 fxg3 21. fxg3 h6 22. g4 Bg6 23. e3 Nd5 24. exd4 Bxd4+ 25. Kh1 Be3 26. Qe2 Bxc1 27. Rxc1 Nf4 28. Qc2 Rad8 29. Rd1 b6 30. Nb3 Nxg2 31. Qxg2 Rxd3 0-1

[Event "Nova Gorica op-A 20th"]
[Site "Nova Gorica"]
[Date "2015.02.02"]
[Round "6"]
[White "Leonardi, Caterina"]
[Black "Drobnic, Milan"]
[Result "1-0"]
[WhiteElo "2040"]
[BlackElo "1915"]
[PlyCount "25"]
[EventDate "2015.01.30"]
[EventType "swiss"]
[EventRounds "9"]
[EventCountry "SLO"]
[SourceTitle "CBM 164 Extra"]
[Source "ChessBase"]
[SourceDate "2015.03.02"]
[SourceVersion "1"]
[SourceVersionDate "2015.03.02"]
[SourceQuality "1"]

1. d4 e5 2. dxe5 Nc6 3. Nf3 Qe7 4. Qd5 Qc5 5. Nc3 Nb4 6. Qd1 f6 7. Be3 Qc4 8. a3 Nc6 9. Qd5 Qg4 10. Nb5 Nge7 11. Qb3 Kd8 12. 0-0-0 fxe5 13. Ng5 1-0

[Event "Nova Gorica op-A 20th"]
[Site "Nova Gorica"]
[Date "2015.01.31"]
[Round "3"]
[White "Drobnic, Milan"]
[Black "Vasiljevic, Jan"]
[Result "0-1"]
[WhiteElo "1915"]
[BlackElo "1507"]
[PlyCount "72"]
[EventDate "2015.01.30"]
[EventType "swiss"]
[EventRounds "9"]
[EventCountry "SLO"]
[SourceTitle "CBM 164 Extra"]
[Source "ChessBase"]
[SourceDate "2015.03.02"]
[SourceVersion "1"]
[SourceVersionDate "2015.03.02"]
[SourceQuality "1"]

1. c4 c5 2. g3 g6 3. Bg2 Bg7 4. Nf3 Nf6 5. 0-0 0-0 6. Nc3 Nc6 7. d4 cxd4 8. Nxd4 Ne5 9. b3 d6 10. Bg5 Ned7 11. Rc1 a6 12. Qd2 Re8 13. e4 Rb8 14. Rfe1 Qc7 15. Nd5 Nxd5 16. exd5 Ne5 17. h3 Qb6 18. Rcd1 Bxh3 19. Bxh3 Qxd4 20. Qxd4 Nf3+ 21. Kf1 Bxd4 22. Bg4 Nxe1 23. Rxd4 Nc2 24. Rd2 f6 25. Bh6 f5 26. Bf3 Na1 27. Be3 b5 28. c5 dxc5 29. Bxc5 Rbc8 30. b4 a5 31. d6 exd6 32. Rxd6 axb4 33. Bd5+ Kg7 34. Rd7+ Kh6 35. Bxb4 Rcd8 36. Bd2+ g5 0-1

[Event "Nova Gorica op-A 20th"]
[Site "Nova Gorica"]
[Date "2015.01.31"]
[Round "2"]
[White "Juretic, Lejla"]
[Black "Drobnic, Milan"]
[Result "1/2-1/2"]
[WhiteElo "1690"]
[BlackElo "1915"]
[PlyCount "115"]
[EventDate "2015.01.30"]
[EventType "swiss"]
[EventRounds "9"]
[EventCountry "SLO"]
[SourceTitle "CBM 164 Extra"]
[Source "ChessBase"]
[SourceDate "2015.03.02"]
[SourceVersion "1"]
[SourceVersionDate "2015.03.02"]
[SourceQuality "1"]

1. d4 Nf6 2. Nf3 e6 3. Bf4 b6 4. e3 Bb7 5. Bd3 Ne4 6. Nbd2 f5 7. Bxe4 fxe4 8. Ne5 Qh4 9. Bg3 Qg5 10. h4 Qf5 11. Bf4 Bd6 12. g4 Qf6 13. Bg5 Qf8 14. Ndc4 Bxe5 15. Nxe5 Nc6 16. Nxc6 Bxc6 17. Bf4 0-0-0 18. Qd2 Qf7 19. 0-0-0 Rhf8 20. Kb1 h6 21. g5 h5 22. Qc3 Kb7 23. Rhg1 g6 24. Rd2 d6 25. Qa3 Bd5 26. Rgd1 Qf5 27. Rc1 e5 28. Bg3 exd4 29. exd4 Bc4 30. Qb4 Qb5 31. Qxb5 Bxb5 32. c4 Bc6 33. Re2 Rde8 34. Rce1 d5 35. cxd5 Bxd5 36. Rc1 c6 37. Re3 b5 38. b3 a5 39. Kb2 Ra8 40. a3 a4 41. b4 Rf5 42. Rc2 Raf8 43. Be5 Rxf2 44. Bf6 Rf4 45. Rh3 Kc8 46. Rcc3 Kd7 47. Kc1 Ke6 48. Kd2 Kf5 49. Ke2 Re8 50. Be5 Rf3 51. Rhxf3+ exf3+ 52. Kf2 Kg4 53. Rc1 Kxh4 54. Rg1 Rf8 55. Bf6 Kh3 56. Rg3+ Kh4 57. Rg1 Rf7 58. Rg3 1/2-1/2

[Event "SLO-chT2 West"]
[Site "Ljubljana"]
[Date "2014.10.19"]
[Round "5.2"]
[White "Kralj, Samo"]
[Black "Drobnic, Milan"]
[Result "0-1"]
[WhiteElo "1987"]
[BlackElo "1856"]
[PlyCount "100"]
[EventDate "2014.10.17"]
[EventType "team-tourn"]
[EventRounds "9"]
[EventCountry "SLO"]
[SourceTitle "EXT 2019"]
[Source "ChessBase"]
[SourceDate "2018.10.10"]
[SourceVersion "1"]
[SourceVersionDate "2018.10.10"]
[SourceQuality "1"]
[WhiteTeam "Komenda II"]
[BlackTeam "Loska Dolina"]
[WhiteTeamCountry "SLO"]
[BlackTeamCountry "SLO"]

1. e4 d6 2. d4 Nf6 3. Nc3 Nbd7 4. Bc4 e5 5. Nf3 Be7 6. 0-0 0-0 7. h3 c6 8. a4 b6 9. b3 a6 10. Bb2 Bb7 11. dxe5 dxe5 12. Re1 Qc7 13. Nh4 b5 14. Nf5 Bb4 15. Bf1 Rfd8 16. Qf3 Nf8 17. Red1 Ng6 18. Ne2 Bf8 19. h4 h5 20. Bc3 Ng4 21. Rxd8 Qxd8 22. g3 Bc5 23. Be1 Ne7 24. Bh3 Nxf5 25. exf5 Nf6 26. Nc3 Qc7 27. Ne4 Nxe4 28. Qxe4 Bd4 29. Rd1 c5 30. Ba5 Bxe4 31. Bxc7 Bxc2 32. Re1 Bxb3 33. axb5 axb5 34. Bxe5 Bxe5 35. Rxe5 Ra1+ 36. Kh2 Rc1 37. Bg2 b4 38. Re8+ Kh7 39. Be4 Bc2 40. Bd5 Bxf5 41. Bxf7 c4 42. Bg8+ Kh6 43. Rb8 b3 44. Rb6+ g6 45. Bxc4 Rxc4 46. Rxb3 Rc1 47. Kg2 Be4+ 48. f3 Rc2+ 49. Kh3 Bd5 50. Rd3 Bc4 0-1

[Event "SLO-chT2 West"]
[Site "Ljubljana"]
[Date "2014.10.17"]
[Round "1.2"]
[White "Vandersmissen, Mathie"]
[Black "Drobnic, Milan"]
[Result "0-1"]
[WhiteElo "2117"]
[BlackElo "1856"]
[PlyCount "64"]
[EventDate "2014.10.17"]
[EventType "team-tourn"]
[EventRounds "9"]
[EventCountry "SLO"]
[SourceTitle "EXT 2019"]
[Source "ChessBase"]
[SourceDate "2018.10.10"]
[SourceVersion "1"]
[SourceVersionDate "2018.10.10"]
[SourceQuality "1"]
[WhiteTeam "Posocje"]
[BlackTeam "Loska Dolina"]
[WhiteTeamCountry "SLO"]
[BlackTeamCountry "SLO"]

1. e4 d6 2. d4 Nf6 3. Nc3 Nbd7 4. Nf3 e5 5. Bc4 Be7 6. 0-0 0-0 7. Re1 c6 8. a4 b6 9. b3 Bb7 10. Bf1 a6 11. Bb2 Qc7 12. Qd3 Rfd8 13. Rac1 Nf8 14. g3 Ng6 15. Bg2 h5 16. h4 b5 17. Ng5 Bf8 18. Nd1 bxa4 19. Ne3 axb3 20. cxb3 Qb6 21. Nf5 Qb5 22. Qf3 a5 23. Bf1 Qb6 24. dxe5 Nxe5 25. Qe2 Ba6 26. Qd1 Bxf1 27. Rxf1 a4 28. Bxe5 dxe5 29. Qc2 axb3 30. Qxc6 Qxc6 31. Rxc6 b2 32. Ne3 Rdb8 0-1

[Event "Opatija op 2nd"]
[Site "Opatija"]
[Date "2014.06.29"]
[Round "1"]
[White "Plenca, Jadranko"]
[Black "Drobnic, Milan"]
[Result "1-0"]
[WhiteElo "2208"]
[BlackElo "1806"]
[PlyCount "83"]
[EventDate "2014.06.29"]
[EventType "swiss"]
[EventRounds "9"]
[EventCountry "CRO"]
[SourceTitle "CBM 161 Extra"]
[Source "ChessBase"]
[SourceDate "2014.08.29"]
[SourceVersion "1"]
[SourceVersionDate "2014.08.29"]
[SourceQuality "1"]

1. e4 d6 2. d4 Nf6 3. Nc3 Nbd7 4. g3 e5 5. Bg2 g6 6. Nge2 Bg7 7. 0-0 0-0 8. d5 a5 9. f4 exf4 10. Bxf4 h6 11. Qd2 Kh7 12. Rae1 Re8 13. Nd4 Ng4 14. Nf3 g5 15. Be3 Nxe3 16. Rxe3 f6 17. Nd4 Ne5 18. b3 c6 19. Nf5 Bxf5 20. Rxf5 Qb6 21. h3 Rad8 22. Kh2 Qb4 23. Rf2 c5 24. Qd1 Ng6 25. Rf5 Ne7 26. Rff3 Ng6 27. Bf1 Ne5 28. Rf2 c4 29. Ne2 cxb3 30. cxb3 g4 31. Nd4 h5 32. Bg2 Rc8 33. Ree2 Rc3 34. Ne6 Rec8 35. Rf5 gxh3 36. Bxh3 Nf3+ 37. Rxf3 Rxf3 38. Nxg7 Kxg7 39. Bxc8 Qc5 40. Bh3 h4 41. gxh4 Rf2+ 42. Bg2 1-0

[Event "Pula op 28th"]
[Site "Pula"]
[Date "2014.06.09"]
[Round "3"]
[White "Jusic, Zdenko"]
[Black "Drobnic, Milan"]
[Result "1-0"]
[WhiteElo "2289"]
[BlackElo "1806"]
[PlyCount "87"]
[EventDate "2014.06.07"]
[EventType "swiss"]
[EventRounds "9"]
[EventCountry "CRO"]
[SourceTitle "CBM 160 Extra"]
[Source "ChessBase"]
[SourceDate "2014.07.01"]
[SourceVersion "1"]
[SourceVersionDate "2014.07.01"]
[SourceQuality "1"]

1. e4 d6 2. d4 Nf6 3. Nc3 Nbd7 4. g4 h6 5. h4 e5 6. Bh3 c6 7. g5 Ng8 8. Nf3 Qc7 9. Be3 Nb6 10. Bxc8 Rxc8 11. h5 hxg5 12. Bxg5 Be7 13. Bxe7 Qxe7 14. Ne2 g5 15. Ng3 Nh6 16. Qd2 f6 17. 0-0-0 Nc4 18. Qe2 b5 19. Nh2 Qe6 20. Kb1 0-0 21. f3 exd4 22. Rxd4 Qe5 23. Qf2 c5 24. Rxc4 bxc4 25. Ne2 Rb8 26. c3 Rb7 27. Rd1 Rfb8 28. Rd2 a5 29. Nf1 Qe8 30. Ne3 Qxh5 31. Nxc4 Qh1+ 32. Nc1 Nf7 33. Nxa5 Rb6 34. Nc4 Ra6 35. Qe2 Rba8 36. Rd1 Qh3 37. Ne3 Qe6 38. Rd5 Ne5 39. Nf5 R8a7 40. b3 Ng6 41. Qb5 Ne7 42. Qe8+ Kh7 43. Rd1 Rxa2 44. Rh1+ 1-0

[Event "Ljubljana op 2nd"]
[Site "Ljubljana"]
[Date "2014.05.06"]
[Round "4"]
[White "Drobnic, Milan"]
[Black "Mlacnik, Janez"]
[Result "1-0"]
[WhiteElo "1816"]
[BlackElo "1866"]
[PlyCount "85"]
[EventDate "2014.04.02"]
[EventType "swiss"]
[EventRounds "9"]
[EventCountry "SLO"]
[SourceTitle "EXT 2023"]
[Source "ChessBase"]
[SourceDate "2022.10.05"]
[SourceVersion "1"]
[SourceVersionDate "2022.10.05"]
[SourceQuality "1"]

1. c4 f5 2. g3 Nf6 3. Bg2 g6 4. Nf3 Bg7 5. 0-0 0-0 6. Nc3 d6 7. d3 Nc6 8. Rb1 Kh8 9. b4 e5 10. b5 Ne7 11. Qc2 c6 12. a4 Be6 13. Ba3 Qc7 14. Rfc1 c5 15. Ng5 Bg8 16. a5 h6 17. Nh3 g5 18. Kf1 Ng4 19. a6 Rab8 20. axb7 Rxb7 21. Bxb7 Qxb7 22. Kg1 Nf6 23. f3 g4 24. fxg4 Nxg4 25. e4 f4 26. Nd5 Nxd5 27. cxd5 Qd7 28. Nf2 Ne3 29. Qe2 Qf7 30. Ng4 Qh5 31. h3 Qxh3 32. Nxe3 fxe3 33. Qxe3 Bf6 34. Rf1 Bg5 35. Qe2 Qxg3+ 36. Qg2 Be3+ 37. Kh1 Qh4+ 38. Qh2 Rxf1+ 39. Rxf1 Qg4 40. Bc1 Bxc1 41. Rxc1 Qf3+ 42. Qg2 Qxd3 43. Ra1 1-0

[Event "Ljubljana Winter op"]
[Site "Ljubljana"]
[Date "2014.03.26"]
[Round "9"]
[White "Drobnic, Milan"]
[Black "Malkoc, Tilen"]
[Result "1-0"]
[WhiteElo "1805"]
[BlackElo "1385"]
[PlyCount "71"]
[EventDate "2014.01.08"]
[EventType "swiss"]
[EventRounds "9"]
[EventCountry "SLO"]
[SourceTitle "EXT 2023"]
[Source "ChessBase"]
[SourceDate "2022.10.05"]
[SourceVersion "1"]
[SourceVersionDate "2022.10.05"]
[SourceQuality "1"]

1. c4 e6 2. g3 d5 3. Bg2 Nf6 4. b3 Bd6 5. Nc3 c6 6. d4 0-0 7. Nf3 Bb4 8. Bd2 Bd6 9. 0-0 Nbd7 10. Rc1 b6 11. Qc2 Bb7 12. cxd5 cxd5 13. Nb5 Be7 14. Bf4 Ba6 15. Nc7 Rc8 16. Qb2 Bb7 17. Rc2 Nh5 18. Nb5 Nxf4 19. gxf4 a6 20. Nc3 Nf6 21. Ne5 Nd7 22. e3 Nxe5 23. fxe5 f6 24. exf6 Bxf6 25. Na4 Qd6 26. Rfc1 Rc6 27. Rxc6 Bxc6 28. Qc2 Bxa4 29. bxa4 a5 30. Qc6 Rd8 31. Bh3 Kf7 32. Qb5 Qb8 33. Rc6 Rd6 34. Bg4 e5 35. Rc8 Qb7 36. Qe8# 1-0

[Event "Ljubljana Winter op"]
[Site "Ljubljana"]
[Date "2014.01.08"]
[Round "1"]
[White "Drobnic, Milan"]
[Black "Peteh, Uros"]
[Result "1/2-1/2"]
[WhiteElo "1805"]
[BlackElo "2023"]
[PlyCount "98"]
[EventDate "2014.01.08"]
[EventType "swiss"]
[EventRounds "9"]
[EventCountry "SLO"]
[SourceTitle "EXT 2023"]
[Source "ChessBase"]
[SourceDate "2022.10.05"]
[SourceVersion "1"]
[SourceVersionDate "2022.10.05"]
[SourceQuality "1"]

1. d4 d5 2. c4 dxc4 3. e3 e5 4. Nf3 exd4 5. Qxd4 Qxd4 6. Nxd4 Bd7 7. Bxc4 Nc6 8. Nb5 Rc8 9. 0-0 Nf6 10. b3 a6 11. Nd4 Bd6 12. Nd2 Nxd4 13. exd4 0-0 14. Bb2 Bf4 15. Nf3 Bc6 16. Ne5 Bd5 17. Bxd5 Nxd5 18. g3 Bd2 19. Rfd1 Bc3 20. Bxc3 Nxc3 21. Rd3 Nd5 22. Rc1 Rfe8 23. Rd2 f6 24. Nf3 Re4 25. a3 g5 26. Rc5 c6 27. h3 h5 28. Kf1 Rce8 29. Rc1 g4 30. hxg4 hxg4 31. Nh4 Kf7 32. Nf5 R8e6 33. b4 Kg6 34. Nh4+ Kg5 35. Ng2 f5 36. Rc5 Rd6 37. Ne1 Nb6 38. Nc2 Na4 39. Ra5 Nb6 40. Rc5 Nd7 41. Rc3 Ne5 42. Re2 Nf3 43. Rxe4 fxe4 44. Rc5+ Kg6 45. Ne3 Rxd4 46. Nxg4 Rd1+ 47. Kg2 Rg1+ 48. Kh3 Rh1+ 49. Kg2 Rg1+ 1/2-1/2

[Event "Ljubljana Autumn op"]
[Site "Ljubljana"]
[Date "2013.10.16"]
[Round "3"]
[White "Markosek, Maj"]
[Black "Drobnic, Milan"]
[Result "1-0"]
[WhiteElo "1663"]
[BlackElo "1843"]
[PlyCount "51"]
[EventDate "2013.09.04"]
[EventType "swiss"]
[EventRounds "9"]
[EventCountry "SLO"]
[SourceTitle "EXT 2023"]
[Source "ChessBase"]
[SourceDate "2022.10.05"]
[SourceVersion "1"]
[SourceVersionDate "2022.10.05"]
[SourceQuality "1"]

1. d4 Nf6 2. c4 e6 3. Nc3 Bb4 4. f3 Bxc3+ 5. bxc3 c5 6. e4 d5 7. e5 Nfd7 8. cxd5 exd5 9. Bd3 Nc6 10. Be3 Qb6 11. Rb1 Qa5 12. Qd2 cxd4 13. cxd4 Qxd2+ 14. Kxd2 Nb6 15. f4 Na5 16. h3 Nac4+ 17. Ke2 h5 18. Nf3 0-0 19. g4 f6 20. f5 fxe5 21. dxe5 Re8 22. Bd4 hxg4 23. hxg4 Bd7 24. Kf2 Bc6 25. e6 Re7 26. Rh2 1-0

[Event "EU-ch U16 23rd"]
[Site "Budva"]
[Date "2013.10.07"]
[Round "8"]
[White "Lopatik, Nikita"]
[Black "Drobnic, Milan"]
[Result "1-0"]
[WhiteElo "1981"]
[BlackElo "1843"]
[PlyCount "39"]
[EventDate "2013.09.29"]
[EventType "swiss"]
[EventRounds "9"]
[EventCountry "MNE"]
[SourceTitle "CBM 156 Extra"]
[Source "ChessBase"]
[SourceDate "2013.10.22"]
[SourceVersion "1"]
[SourceVersionDate "2013.10.22"]
[SourceQuality "1"]

1. e4 c5 2. Nf3 d6 3. d4 cxd4 4. Qxd4 Nc6 5. Bb5 Nf6 6. Nc3 Bd7 7. Bxc6 Bxc6 8. Bg5 e5 9. Qd3 Be7 10. 0-0 0-0 11. Rad1 Qb6 12. Nh4 h6 13. Nf5 Bd8 14. Bxh6 Nh5 15. Bxg7 Re8 16. Bh6 Re6 17. Qf3 Nf4 18. Bxf4 exf4 19. Qxf4 Qxb2 20. Rd3 1-0

[Event "EU-ch U16 23rd"]
[Site "Budva"]
[Date "2013.10.05"]
[Round "6"]
[White "Drobnic, Milan"]
[Black "Sidabras, Ignas"]
[Result "1-0"]
[WhiteElo "1843"]
[BlackElo "1738"]
[PlyCount "157"]
[EventDate "2013.09.29"]
[EventType "swiss"]
[EventRounds "9"]
[EventCountry "MNE"]
[SourceTitle "CBM 156 Extra"]
[Source "ChessBase"]
[SourceDate "2013.10.22"]
[SourceVersion "1"]
[SourceVersionDate "2013.10.22"]
[SourceQuality "1"]

1. Nf3 f5 2. g3 Nf6 3. Bg2 g6 4. 0-0 Bg7 5. c4 0-0 6. Nc3 d6 7. Qc2 c6 8. d3 Na6 9. a3 e5 10. Nd2 Kh8 11. b4 d5 12. Bb2 e4 13. Rfd1 e3 14. fxe3 Ng4 15. Nf1 d4 16. Na4 dxe3 17. Bxg7+ Kxg7 18. Qc3+ Kg8 19. b5 cxb5 20. cxb5 Nc7 21. Rdc1 Nd5 22. Qb3 Be6 23. Nc5 Nf4 24. Qb2 Bd5 25. Bxd5+ Qxd5 26. gxf4 Nf2 27. Ng3 Nh3+ 28. Kf1 Nxf4 29. Qb3 Rf7 30. Qxd5 Nxd5 31. Ne6 f4 32. Ne4 f3 33. N6g5 fxe2+ 34. Kxe2 Rf5 35. Rc5 Raf8 36. Nf3 Nf4+ 37. Kxe3 Ng2+ 38. Kf2 Rxc5 39. Nxc5 Nh4 40. Kg3 Nxf3 41. Nxb7 Nd4 42. a4 Rf3+ 43. Kg2 Rxd3 44. Ra2 Nb3 45. Rc2 Rd4 46. Rc3 Rd7 47. Rxb3 Rxb7 48. Kf3 Kf7 49. Ke4 Ke6 50. Kd4 g5 51. Rh3 Rd7+ 52. Kc5 Rc7+ 53. Kb4 g4 54. Rh6+ Kf5 55. a5 Kg5 56. Rc6 Rf7 57. b6 axb6 58. axb6 Rf1 59. Rc5+ Kh4 60. Kb5 Rf2 61. b7 Rxh2 62. Kc6 Rb2 63. Rb5 Rxb5 64. Kxb5 Kh3 65. b8Q h5 66. Qa8 Kh2 67. Qa2+ Kh3 68. Qb1 Kh2 69. Qa2+ Kh3 70. Qb1 Kh2 71. Qc2+ Kh3 72. Qd1 h4 73. Qg1 g3 74. Qh1+ Kg4 75. Kc4 h3 76. Qe4+ Kg5 77. Qf3 g2 78. Qg3+ Kf6 79. Kd3 1-0

[Event "EU-ch U16 23rd"]
[Site "Budva"]
[Date "2013.10.02"]
[Round "4"]
[White "Drobnic, Milan"]
[Black "Ersoz, Bartu"]
[Result "0-1"]
[WhiteElo "1843"]
[BlackElo "1903"]
[PlyCount "78"]
[EventDate "2013.09.29"]
[EventType "swiss"]
[EventRounds "9"]
[EventCountry "MNE"]
[SourceTitle "CBM 156 Extra"]
[Source "ChessBase"]
[SourceDate "2013.10.22"]
[SourceVersion "1"]
[SourceVersionDate "2013.10.22"]
[SourceQuality "1"]

1. d4 Nf6 2. Nf3 b6 3. c4 e6 4. g3 Bb7 5. Bg2 Be7 6. 0-0 0-0 7. Nc3 d5 8. cxd5 exd5 9. Qb3 h6 10. Bf4 Nc6 11. Rfd1 Re8 12. Rac1 a6 13. Ne5 Na5 14. Qa4 Qc8 15. h4 Bd6 16. Qc2 Qe6 17. Nd3 Rad8 18. e3 Qf5 19. Na4 Re7 20. Bxd6 Rxd6 21. Ne5 Qxc2 22. Rxc2 b5 23. Nc5 Bc8 24. b3 Ne8 25. Rdc1 Bf5 26. Ned3 g5 27. hxg5 hxg5 28. Rc3 Nc6 29. Nb7 Rf6 30. Rxc6 Bxd3 31. Bxd5 Rf5 32. Bg2 g4 33. Rxa6 Rh5 34. Rac6 f6 35. R1c5 Rh6 36. Bd5+ Kf8 37. Nd8 Be4 38. Ne6+ Rxe6 39. Rxe6 Rh1# 0-1